Textbook of mechanical technology: heat engines (Record no. 8711)

000 -LEADER
fixed length control field 00459nam a2200181 4500
001 - CONTROL NUMBER
control field 8711
003 - CONTROL NUMBER IDENTIFIER
control field BD-DhUET
008 - FIXED-LENGTH DATA ELEMENTS--GENERAL INFORMATION
fixed length control field 150124b xxu||||| |||| 00| 0 eng d
040 ## - CATALOGING SOURCE
Original cataloging agency DLC
Transcribing agency DLC
Modifying agency BD-DhUET
082 ## - DEWEY DECIMAL CLASSIFICATION NUMBER
Classification number 621
Item number KHU/1982
100 ## - MAIN ENTRY--PERSONAL NAME
Personal name Khurmi, R. S
245 ## - TITLE STATEMENT
Title Textbook of mechanical technology: heat engines
250 ## - EDITION STATEMENT
Edition statement 1st. ed.
260 ## - PUBLICATION, DISTRIBUTION, ETC. (IMPRINT)
Place of publication, distribution, etc. New Delhi
Name of publisher, distributor, etc. S.Chand
Date of publication, distribution, etc. 1982
300 ## - PHYSICAL DESCRIPTION
Extent 920 p.
Other physical details ill.
650 #0 - SUBJECT ADDED ENTRY--TOPICAL TERM
Topical term or geographic name as entry element Mechanical engineering
942 ## - ADDED ENTRY ELEMENTS (KOHA)
Koha item type General Book
Holdings
Copy number Koha date last seen Date acquired Price effective from Withdrawn status Koha normalized classification for sorting Location (home branch) Damaged status Shelving location Source of classification or shelving scheme Koha item type Koha full call number Piece designation (barcode) Sublocation or collection (holding branch) Not for loan Lost status
12015-01-242015-01-242015-01-24 621_000000000000000_KHU_1982Central Library, BUET Circulation section General Book621 KHU/198255401Central Library, BUET  
22015-06-162015-06-162015-06-16 621_000000000000000_KHU_1982Central Library, BUET Reading section Reading Item621/KHU/198256409Central Library, BUET  
32015-07-022015-07-022015-07-02 621_000000000000000_KHU_1982Central Library, BUET Reading section Reading Item621/KHU/198256412Central Library, BUET